|
|
|
|
| LEADER |
00000nam0a2200000 4500 |
| 001 |
50254 |
| 005 |
20231031032806.0 |
| 010 |
|
|
|a 0194312437
|
| 035 |
|
|
|a (RuTPU)RU\TPU\book\52623
|
| 090 |
|
|
|a 50254
|
| 100 |
|
|
|a 20030411d2002 m y0engy50 ba
|
| 101 |
0 |
|
|a eng
|
| 102 |
|
|
|a US
|
| 105 |
|
|
|a y e 000zy
|
| 200 |
1 |
|
|a Oxford Collocations Dictionary for students of English
|
| 205 |
|
|
|a 1-st ed.
|
| 210 |
|
|
|a New York
|c Oxford University Press
|d 2002
|
| 215 |
|
|
|a 897 p.
|
| 610 |
1 |
|
|a английский язык
|
| 610 |
1 |
|
|a словари
|
| 610 |
1 |
|
|a лексика
|
| 686 |
|
|
|a Ш143.21-4
|v LBC/SL-A
|2 rubbk
|
| 801 |
|
1 |
|a RU
|b 63413507
|c 20030411
|g PSBO
|
| 801 |
|
2 |
|a RU
|b 63413507
|c 20130911
|g PSBO
|
| 942 |
|
|
|c BK
|